[Event "Int SVK-ch Open 2020"]
[Site "Drienica"]
[Date "2020.08.11"]
[Round "5.3"]
[White "Hudak, Vasil"]
[Black "Socko, Weronika"]
[Result "1-0"]
[WhiteElo "1984"]
[BlackElo "1741"]
[Annotator "TA"]
[PlyCount "161"]
[EventDate "2020.08.07"]
[EventType "swiss"]
[EventCountry "SVK"]
[SourceTitle "playchess.com"]
[Source "ChessBase"]
[SourceQuality "1"]

{[%evp 15,161,-33,0,-19,-24,-41,0,-6,67,-2,0,0,17,0,0,-12,-10,-35,-39,-41,0,0,0,-31,-15,-41,-40,-67,-50,-63,-30,-67,-36,-52,-57,-52,-34,-39,-60,-119,-127,-153,-137,-144,-96,-165,0,0,0,0,0,0,0,0,0,0,0,0,0,0,0,0,29,20,23,16,35,27,107,108,150,145,170,178,226,5,356,173,240,0,381,270,312,300,383,380,477,322,541,556,578,449,428,455,540,483,457,410,687,687,783,742,714,665,694,608,627,580,1730,689,766,722,6414,5708,5173,5417,5297,4131,3239,2560,1253,3748,2429,2068,2454,2537,2201,2418,2285,2095,29975,29976,29976,29977,29977,29978,29978,29979,29979,29980,29978,29981,29981,29982,29982,29983,29988,29988]} 1. Nf3 d5 2. g3 c5 3. Bg2 Nc6 4. c4 d4 5. d3 e5 6. O-O Nf6 7. e3 Be7 8. exd4 exd4 9. Na3 {A09: Réti Opening: 1 Nf3 d5 2 c4.} O-O 10. Re1 a6 11. Nc2 {[#] The position is equal.} Bd6 $146 (11... Bg4 $11) ({Predecessor:} 11... h6 12. Rb1 Re8 13. a3 a5 14. b3 Bg4 15. h3 Bd7 16. Bf4 Qc8 17. Kh2 Nh5 {1-0 (90) Keagan,L (1986)-Mabetu,P (2029) Livingstone 2017}) 12. Rb1 (12. b4 $1 $14) 12... Bg4 13. h3 Bh5 14. g4 Bg6 15. Nh4 Qc7 16. Bg5 Nd7 17. Nf5 Bf4 18. Bxf4 Qxf4 19. Qf3 Qg5 20. h4 Qf6 21. Qh3 h5 $36 {[%mdl 2048] [#] ...hxg4 is the strong threat. Black is pushing.} 22. Bxc6 $1 Bxf5 $1 23. gxf5 bxc6 24. Re4 Rfe8 25. Rbe1 Re5 26. Rxe5 Nxe5 27. Kf1 (27. Re2 $1 $15) 27... Ng4 28. Re4 Qxf5 {[%csl Gg4][%cal Rf5f2] [#]} 29. Qg3 Qd7 30. b4 (30. Ne1 $17) 30... Re8 $2 ({Black should try} 30... cxb4 $19 {Strongly threatening ...c5.} 31. Rxd4 Qb7) 31. Rxe8+ $11 Qxe8 32. bxc5 Qe7 33. Nxd4 Qxc5 34. Qb8+ Kh7 35. Qf4 Kg8 36. Nf5 Qa3 37. Qd4 {[%csl Gf5][%cal Rd4g7]} Nf6 38. Kg2 Qa5 39. Ne7+ Kh7 40. Nxc6 Qxa2 41. Ne5 Qa4 (41... Qb3 $11) 42. Nxf7 $16 Qc6+ 43. f3 Qe8 44. Ng5+ Kh8 45. Qe5 $2 (45. Ne4 $18) 45... Qc8 $2 {[%mdl 8192]} (45... Qxe5 $11 {and Black stays safe.} 46. Nf7+ {[%mdl 64] Double Attack} Kg8 47. Nxe5 a5) 46. Nf7+ (46. c5 $142) 46... Kh7 (46... Kg8 $142) 47. Ng5+ (47. c5 $142) 47... Kh8 $18 48. Qa5 Qe8 49. Kf2 ({Worse is} 49. Qxa6 Qe2+ 50. Kh3 Qf1+ 51. Kg3 Qe1+ 52. Kf4 Qd2+ 53. Kg3 Qe1+ 54. Kf4 Qd2+ 55. Ke5 Qe3+ 56. Kf5 Qxd3+ 57. Ke6 Qe2+ 58. Kd6 (58. Ne4 Ng8 $11) 58... Qd3+ 59. Ke6 Qe2+ 60. Kd6 (60. Ne4 Qxf3 61. Qc8+ Ng8 $11) 60... Qd3+ 61. Kc6 Ne8 $11) 49... Qg6 50. Qd8+ Ng8 51. Ke2 Qf5 $2 (51... Qf6 52. Qxf6 Nxf6) 52. Qe8 g6 53. Qe4 Qf6 54. d4 a5 55. Qb7 {[%csl Gg5][%cal Rb7h7]} Ne7 56. Qa8+ Kg7 (56... Ng8 $142 57. Ke3 Qe7+ 58. Kf2 Qf6) 57. Qxa5 Nf5 58. Qc7+ Kg8 59. Qb8+ Kg7 60. Qa7+ Kg8 61. Kd3 Nd6 62. Qh7+ (62. Qb8+ $142 Kg7 63. c5) 62... Kf8 63. Qd7 {Intending Nh7+ and mate.} Kg8 64. Qe6+ Qxe6 65. Nxe6 {[%mdl 4096] Endgame KN-KN} Kf7 66. Ng5+ Ke7 67. f4 Nf5 68. Nf3 Kd6 69. Kd2 Ke6 70. d5+ Kd6 71. Kd3 Kc5 72. Ke4 Kxc4 73. Ne5+ {White mates.} Kc5 74. Nxg6 Nd6+ 75. Ke5 Nf7+ 76. Ke6 Nd8+ 77. Ke7 Nb7 78. f5 Kxd5 79. f6 Nd6 80. f7 Nf5+ 81. Kf6 {Never resign too early! Accuracy: White = 72%, Black = 52%.} 1-0

[Event "Int SVK-ch Open 2020"]
[Site "Drienica"]
[Date "2020.08.13"]
[Round "5.4"]
[White "Mrvova Alena"]
[Black "Majek, Kacper"]
[Result "0-1"]
[WhiteElo "2188"]
[BlackElo "1970"]
[Annotator "ChessBase"]
[PlyCount "114"]
[EventDate "2020.08.07"]
[EventType "swiss"]
[EventCountry "SVK"]
[TimeControl "40/5400+30:1800+30"]

1. e4 {[%emt 0:00:39]} e5 {[%emt 0:00:00]} 2. Nf3 {[%emt 0:00:32]} Nc6 {[%emt 0:00:00]} 3. Bb5 {[%emt 0:00:08]} a6 {[%emt 0:00:00]} 4. Ba4 {[%emt 0:00:15]} Nf6 {[%emt 0:00:00]} 5. Qe2 {[%emt 0:01:34]} Bc5 {[%emt 0:03:33]} 6. c3 {[%emt 0:01:55]} b5 {[%emt 0:14:29]} 7. Bc2 {[%emt 0:01:18]} O-O {[%emt 0:00:27]} 8. O-O {[%emt 0:02:58]} d5 {[%emt 0:04:31]} 9. d4 {[%emt 0:05:48]} exd4 {[%emt 0:06:44]} 10. Bg5 {[%emt 0:00:40]} dxe4 {[%emt 0:06:12]} 11. Bxe4 {[%emt 0:00:33]} Qd6 {[%emt 0:03:27]} 12. cxd4 {[%emt 0:02:55]} Nxe4 {[%emt 0:08:19]} 13. Qxe4 {[%emt 0:03:44]} f5 {[%emt 0:01:25]} 14. dxc5 {[%emt 0:03:53]} fxe4 {[%emt 0:00:06]} 15. cxd6 {[%emt 0:00:04]} exf3 {[%emt 0:00:09]} 16. dxc7 {[%emt 0:01:48]} Ra7 {[%emt 0:01:16]} 17. Nd2 {[%emt 0:10:08]} fxg2 {[%emt 0:02:32]} 18. Kxg2 {[%emt 0:03:50]} Rxc7 {[%emt 0:00:24]} 19. Rac1 {[%emt 0:02:19]} Bb7 {[%emt 0:08:24]} 20. Ne4 {[%emt 0:02:52]} Nd4 {[%emt 0:00:38]} 21. Rxc7 {[%emt 0:00:07]} Bxe4+ {[%emt 0:00:05]} 22. f3 {[%emt 0:00:23]} Nxf3 {[%emt 0:12:00]} 23. Kg3 {[%emt 0:00:19]} Nxg5 {[%emt 0:01:03]} 24. Rxf8+ {[%emt 0:00:13]} Kxf8 {[%emt 0:00:01]} 25. Rc8+ {[%emt 0:00:07]} Kf7 {[%emt 0:02:01]} 26. Kf4 {[%emt 0:00:11]} Kg6 {[%emt 0:00:35]} 27. h4 {[%emt 0:05:59]} Bf5 {[%emt 0:00:20]} 28. Rc6+ {[%emt 0:02:01]} Ne6+ {[%emt 0:00:07]} 29. Ke5 {[%emt 0:00:04]} Kh5 {[%emt 0:08:53]} 30. Rxa6 {[%emt 0:00:26]} Bh3 {[%emt 0:06:14]} 31. Rb6 {[%emt 0:01:11]} Kxh4 {[%emt 0:00:08]} 32. Rxb5 {[%emt 0:00:07]} g5 {[%emt 0:00:26]} 33. Rb6 {[%emt 0:07:46]} Nf8 {[%emt 0:03:33]} 34. Ke4 {[%emt 0:02:25]} g4 {[%emt 0:02:07]} 35. Ke3 {[%emt 0:00:10]} Kg3 {[%emt 0:01:52]} 36. Rf6 {[%emt 0:03:20]} Ng6 {[%emt 0:02:33]} 37. a4 {[%emt 0:01:55]} Kh2 {[%emt 0:00:42]} 38. Rf2+ {[%emt 0:00:07]} Kh1 {[%emt 0:00:54]} 39. Rc2 {[%emt 0:02:12]} g3 {[%emt 0:00:15]} 40. Rc1+ {[%emt 0:00:05]} Kh2 {[%emt 0:00:25]} 41. a5 {[%emt 0:30:10]} g2 {[%emt 0:30:32]} 42. b4 {[%emt 0:06:19]} g1=Q+ {[%emt 0:00:48]} 43. Rxg1 {[%emt 0:00:04]} Kxg1 {[%emt 0:00:06]} 44. b5 {[%emt 0:00:04]} Bf1 {[%emt 0:01:26]} 45. b6 {[%emt 0:01:05]} Ba6 {[%emt 0:00:10]} 46. Kd4 {[%emt 0:00:16]} h5 {[%emt 0:00:15]} 47. Kc5 {[%emt 0:00:15]} h4 {[%emt 0:00:19]} 48. Kc6 {[%emt 0:00:10]} h3 {[%emt 0:00:22]} 49. b7 {[%emt 0:00:33]} Bxb7+ {[%emt 0:00:04]} 50. Kxb7 {[%emt 0:00:05]} h2 {[%emt 0:00:04]} 51. a6 {[%emt 0:00:18]} h1=Q+ {[%emt 0:00:04]} 52. Kb8 {[%emt 0:00:07]} Qh8+ {[%emt 0:00:16]} 53. Kb7 {[%emt 0:00:11]} Qg7+ {[%emt 0:00:05]} 54. Kb8 {[%emt 0:00:09]} Qf8+ {[%emt 0:00:06]} 55. Kb7 {[%emt 0:00:07]} Qe7+ {[%emt 0:00:10]} 56. Kb8 {[%emt 0:00:06]} Qd8+ {[%emt 0:02:18]} 57. Kb7 {[%emt 0:00:06]} Ne7 {[%emt 0:00:08]} 0-1

[Event "Int SVK-ch Open 2020"]
[Site "Drienica"]
[Date "2020.08.11"]
[Round "5.4"]
[White "Skovran, Jaroslav"]
[Black "Budjac, Martin"]
[Result "1-0"]
[WhiteElo "1975"]
[BlackElo "1657"]
[Annotator "ChessBase"]
[PlyCount "115"]
[EventDate "2020.08.07"]
[EventType "swiss"]
[EventCountry "SVK"]
[SourceTitle "playchess.com"]
[Source "ChessBase"]
[SourceQuality "1"]
[TimeControl "40/5400+30:1800+30"]

1. e4 {[%emt 0:00:00]} e5 {[%emt 0:00:00]} 2. Nf3 {[%emt 0:00:00]} Nc6 {[%emt 0:00:00]} 3. d4 {[%emt 0:00:00]} exd4 {[%emt 0:00:00]} 4. Nxd4 {[%emt 0:00:00]} Bb4+ {[%emt 0:00:01]} 5. c3 {[%emt 0:00:12]} Bc5 {[%emt 0:00:03]} 6. Bc4 {[%emt 0:00:46]} Nge7 7. Bxf7+ {[%emt 0:01:25]} Kxf7 {[%emt 0:03:00]} 8. Qh5+ {[%emt 0:00:17]} Kf8 {[%emt 0:00:49]} 9. Qxc5 {[%emt 0:00:11]} d6 {[%emt 0:00:53]} 10. Qh5 {[%emt 0:00:13]} Qe8 {[%emt 0:01:53]} 11. Qe2 {[%emt 0:00:22]} Qg6 {[%emt 0:02:03]} 12. O-O {[%emt 0:00:24]} Nxd4 {[%emt 0:08:15]} 13. cxd4 {[%emt 0:00:21]} Nc6 {[%emt 0:00:11]} 14. Rd1 {[%emt 0:03:15]} h5 {[%emt 0:03:36]} 15. Nc3 {[%emt 0:01:03]} h4 {[%emt 0:04:52]} 16. Be3 {[%emt 0:04:39]} Bd7 {[%emt 0:04:38]} 17. Rd2 {[%emt 0:01:25]} h3 {[%emt 0:03:04]} 18. g3 {[%emt 0:00:17]} Kg8 {[%emt 0:01:51]} 19. f3 {[%emt 0:01:44]} Rf8 {[%emt 0:01:54]} 20. Rf1 {[%emt 0:00:49]} Rh5 {[%emt 0:03:08]} 21. Nd5 {[%emt 0:03:31]} Rxd5 {[%emt 0:01:30]} 22. exd5 {[%emt 0:00:18]} Ne7 {[%emt 0:00:08]} 23. Qc4 {[%emt 0:01:11]} Nf5 {[%emt 0:01:53]} 24. Qd3 {[%emt 0:11:55]} Bb5 {[%emt 0:04:36]} 25. Qxb5 {[%emt 0:02:19]} Nxe3 {[%emt 0:03:30]} 26. Qd3 {[%emt 0:10:35]} Qxd3 {[%emt 0:03:31]} 27. Rxd3 {[%emt 0:03:51]} Nxf1 {[%emt 0:00:05]} 28. Kxf1 {[%emt 0:00:28]} Kf7 {[%emt 0:05:18]} 29. Re3 {[%emt 0:01:08]} Kg6 {[%emt 0:02:34]} 30. g4 {[%emt 0:00:42]} Kg5 {[%emt 0:01:19]} 31. Kf2 {[%emt 0:01:18]} Rf4 {[%emt 0:01:17]} 32. Re7 {[%emt 0:00:22]} Rxd4 {[%emt 0:00:28]} 33. Rxg7+ {[%emt 0:01:15]} Kf4 {[%emt 0:00:14]} 34. Rf7+ {[%emt 0:00:19]} Kg5 {[%emt 0:03:32]} 35. Rxc7 {[%emt 0:01:40]} Rd2+ {[%emt 0:00:34]} 36. Kg3 {[%emt 0:00:11]} Rxb2 {[%emt 0:00:12]} 37. f4+ {[%emt 0:00:49]} Kf6 {[%emt 0:00:25]} 38. Rd7 {[%emt 0:01:39]} Rxa2 {[%emt 0:00:41]} 39. Rxd6+ {[%emt 0:00:19]} Ke7 {[%emt 0:00:09]} 40. Re6+ {[%emt 0:00:24]} Kf7 {[%emt 0:00:09]} 41. Kxh3 {[%emt 0:32:15]} b5 {[%emt 0:30:28]} 42. Rc6 {[%emt 0:00:48]} b4 {[%emt 0:02:44]} 43. Kh4 {[%emt 0:06:53]} b3 {[%emt 0:03:53]} 44. Kg5 {[%emt 0:01:48]} b2 {[%emt 0:03:46]} 45. Rc7+ {[%emt 0:00:09]} Kf8 {[%emt 0:04:35]} 46. Rb7 {[%emt 0:00:51]} Ra5 {[%emt 0:03:07]} 47. Rxb2 {[%emt 0:00:23]} Rxd5+ {[%emt 0:00:07]} 48. f5 {[%emt 0:00:15]} a5 {[%emt 0:00:44]} 49. Rb8+ {[%emt 0:00:25]} Kf7 {[%emt 0:00:16]} 50. Rb7+ {[%emt 0:00:16]} Kf8 {[%emt 0:00:18]} 51. Ra7 {[%emt 0:00:08]} Rd2 {[%emt 0:00:32]} 52. Rxa5 {[%emt 0:00:30]} Rxh2 {[%emt 0:00:16]} 53. Kg6 {[%emt 0:00:11]} Rg2 {[%emt 0:01:05]} 54. Kf6 {[%emt 0:00:14]} Kg8 {[%emt 0:00:14]} 55. g5 {[%emt 0:00:14]} Rb2 {[%emt 0:02:07]} 56. Ra8+ {[%emt 0:00:09]} Kh7 {[%emt 0:00:08]} 57. g6+ {[%emt 0:00:02]} Kh6 {[%emt 0:00:11]} 58. Rh8# {[%emt 0:00:12]} 1-0

[Event "Int SVK-ch Open 2020"]
[Site "Drienica"]
[Date "2020.08.13"]
[Round "5.5"]
[White "Orsag Milan"]
[Black "Panko, Radoslav"]
[Result "1-0"]
[WhiteElo "2300"]
[BlackElo "2031"]
[Annotator "TA"]
[PlyCount "79"]
[EventDate "2020.08.07"]
[EventType "swiss"]
[EventCountry "SVK"]

{[%evp 12,79,48,45,52,33,37,39,35,28,41,44,79,87,105,112,160,148,175,148,158,157,236,198,203,202,245,247,245,244,254,232,256,210,239,214,212,212,219,222,226,214,218,178,223,222,221,208,212,181,279,230,370,369,356,318,375,376,375,327,447,387,385,367,29968,6153,6012,5211,29978,29979]} 1. d4 e6 2. Nf3 f5 3. g3 Nf6 4. Bg2 Be7 5. O-O O-O 6. c4 d6 7. b3 Ne4 {A96: Classical Dutch: Fluid Systems: Early deviations.} 8. Nfd2 Nxd2 9. Qxd2 e5 {White is slightly better.} 10. Bb2 Bf6 11. e3 Nc6 12. Nc3 $36 {[%cal Bb1c3,Bc3d5,Bd5e7][%mdl 2080] [#] White is in control.} g6 $146 ({Predecessor:} 12... e4 13. Nd5 Bg5 14. h4 Bh6 15. Rac1 Ne7 16. Nxe7+ Qxe7 17. d5 a5 18. Bd4 b6 {1-0 (50) Hambleton,A (2471)-Chabot,R (2144) Montreal 2017}) 13. Rad1 Bg7 14. dxe5 dxe5 15. Qxd8 Nxd8 16. Ba3 Re8 (16... Nf7 $16 17. Nd5 (17. Bxf8 Bxf8 18. Nd5 c6 $16) 17... c6) 17. Nd5 Ne6 18. Ne7+ Kh8 {...Bf8 would now be nice for Black.} 19. Nxc8 Raxc8 20. Bxb7 Rcd8 21. Bd5 {[#] And now Bxe6 would win.} Bf6 22. f3 Kg8 23. Kf2 Kf7 24. Ke2 Be7 25. Bb2 Bd6 26. Bc3 Rb8 27. Rb1 c5 28. Rbd1 Ke7 29. Bxe6 Kxe6 30. e4 a5 (30... fxe4 $142 31. fxe4 Rf8 32. Rxf8 Rxf8) 31. Rd5 a4 (31... fxe4 $142 32. fxe4 Rec8) 32. Rfd1 $18 Rb6 33. bxa4 {[%cal Bb3a4,Ba4a5][%mdl 32]} Reb8 34. a5 Rc6 35. Ke3 Ra6 36. f4 exf4+ 37. gxf4 fxe4 $2 {[#]} (37... Rf8 $18 38. Be5 Be7) 38. Rxd6+ $1 {[%mdl 576] Remove Defender} Rxd6 39. Rxd6+ Kxd6 40. Be5+ {[%mdl 64] Skewer. White took control after the opening. Accuracy: White = 88%, Black = 44%.} 1-0

[Event "Int SVK-ch Open 2020"]
[Site "Drienica"]
[Date "2020.08.11"]
[Round "5.5"]
[White "Panko, Eduard st."]
[Black "Furman, Maximilian Jan"]
[Result "1-0"]
[WhiteElo "1958"]
[BlackElo "1610"]
[Annotator "ChessBase"]
[PlyCount "57"]
[EventDate "2020.08.07"]
[EventType "swiss"]
[EventCountry "SVK"]
[SourceTitle "playchess.com"]
[Source "ChessBase"]
[SourceQuality "1"]
[TimeControl "40/5400+30:1800+30"]

1. d3 {[%emt 0:01:33]} c5 {[%emt 0:00:07]} 2. Nf3 {[%emt 0:00:33]} g6 {[%emt 0:01:08]} 3. e4 {[%emt 0:01:56]} Bg7 {[%emt 0:00:31]} 4. c3 {[%emt 0:00:09]} Nc6 {[%emt 0:01:04]} 5. Be2 {[%emt 0:02:08]} d6 {[%emt 0:02:05]} 6. Nbd2 {[%emt 0:01:13]} Nf6 {[%emt 0:00:19]} 7. h3 {[%emt 0:00:25]} Bd7 {[%emt 0:00:42]} 8. Nc4 {[%emt 0:00:11]} O-O {[%emt 0:06:12]} 9. Ne3 {[%emt 0:01:35]} h6 {[%emt 0:05:54]} 10. g4 {[%emt 0:05:44]} b5 {[%emt 0:10:08]} 11. Qc2 {[%emt 0:04:23]} Qc8 {[%emt 0:09:47]} 12. Bd2 {[%emt 0:01:45]} Rb8 {[%emt 0:01:16]} 13. g5 {[%emt 0:11:25]} hxg5 {[%emt 0:07:50]} 14. Nxg5 {[%emt 0:00:37]} e5 {[%emt 0:05:19]} 15. h4 {[%emt 0:02:43]} Ne7 {[%emt 0:08:05]} 16. h5 {[%emt 0:04:05]} gxh5 {[%emt 0:00:38]} 17. Bxh5 {[%emt 0:00:22]} Nxh5 {[%emt 0:01:55]} 18. Rxh5 {[%emt 0:01:40]} Bg4 {[%emt 0:02:14]} 19. Rh4 {[%emt 0:02:39]} Be6 {[%emt 0:02:06]} 20. O-O-O {[%emt 0:01:39]} b4 {[%emt 0:02:29]} 21. c4 {[%emt 0:02:36]} b3 {[%emt 0:01:28]} 22. axb3 {[%emt 0:01:10]} Qb7 {[%emt 0:01:07]} 23. Rg1 {[%emt 0:01:03]} Bd7 {[%emt 0:03:04]} 24. Nh7 {[%emt 0:04:20]} Ng6 {[%emt 0:00:53]} 25. Rh2 {[%emt 0:01:09]} Rfe8 {[%emt 0:01:15]} 26. Nd5 {[%emt 0:00:29]} Re6 {[%emt 0:01:10]} 27. Bg5 {[%emt 0:02:58]} a5 {[%emt 0:04:41]} 28. Nhf6+ {[%emt 0:00:45]} Kf8 {[%emt 0:03:56]} 29. Bh6 {[%emt 0:01:09]} 1-0

[Event "Int SVK-ch Open 2020"]
[Site "Drienica"]
[Date "2020.08.13"]
[Round "5.6"]
[White "Juhar Roman"]
[Black "Konyves, Almos"]
[Result "1-0"]
[WhiteElo "2225"]
[BlackElo "2076"]
[Annotator "ChessBase"]
[PlyCount "69"]
[EventDate "2020.08.07"]
[EventType "swiss"]
[EventCountry "SVK"]
[TimeControl "40/5400+30:1800+30"]

1. f4 {[%emt 0:00:00]} Nf6 {[%emt 0:01:31]} 2. b3 {[%emt 0:00:00]} c5 {[%emt 0:02:03]} 3. Bb2 {[%emt 0:00:06]} e6 {[%emt 0:02:12]} 4. Nf3 {[%emt 0:00:11]} Nc6 {[%emt 0:01:37]} 5. e3 {[%emt 0:02:56]} b6 {[%emt 0:00:43]} 6. Bb5 {[%emt 0:01:57]} Bb7 {[%emt 0:00:14]} 7. O-O {[%emt 0:00:12]} d6 {[%emt 0:01:51]} 8. d3 {[%emt 0:00:34]} a6 {[%emt 0:00:00]} 9. Bxc6+ {[%emt 0:00:06]} Bxc6 {[%emt 0:00:02]} 10. Nbd2 {[%emt 0:00:31]} Qc7 {[%emt 0:06:51]} 11. e4 {[%emt 0:02:19]} d5 {[%emt 0:01:59]} 12. Qe2 {[%emt 0:04:08]} d4 {[%emt 0:05:07]} 13. Nc4 {[%emt 0:01:32]} Nd7 {[%emt 0:06:03]} 14. Nce5 {[%emt 0:00:47]} Nxe5 {[%emt 0:01:45]} 15. Nxe5 {[%emt 0:00:15]} Bb7 {[%emt 0:00:30]} 16. Qg4 {[%emt 0:02:12]} Bc8 {[%emt 0:01:18]} 17. c3 {[%emt 0:01:30]} f6 {[%emt 0:34:59]} 18. Qh5+ {[%emt 0:02:05]} g6 {[%emt 0:00:13]} 19. Nxg6 {[%emt 0:00:18]} Qf7 {[%emt 0:00:07]} 20. f5 {[%emt 0:00:09]} e5 {[%emt 0:01:06]} 21. Qh4 {[%emt 0:02:55]} Rg8 {[%emt 0:01:27]} 22. Nxf8 {[%emt 0:00:08]} Kxf8 {[%emt 0:01:37]} 23. cxd4 {[%emt 0:00:09]} exd4 {[%emt 0:00:30]} 24. b4 {[%emt 0:00:34]} Qg7 {[%emt 0:07:02]} 25. Rf2 {[%emt 0:00:12]} Bd7 {[%emt 0:02:38]} 26. bxc5 {[%emt 0:01:09]} bxc5 {[%emt 0:00:07]} 27. Rc1 {[%emt 0:00:58]} Rc8 {[%emt 0:01:33]} 28. Rxc5 {[%emt 0:04:16]} Rxc5 {[%emt 0:01:09]} 29. Ba3 {[%emt 0:00:08]} Bb5 {[%emt 0:05:51]} 30. Bxc5+ {[%emt 0:00:14]} Ke8 {[%emt 0:02:15]} 31. Bxd4 {[%emt 0:00:23]} Bxd3 {[%emt 0:01:00]} 32. Qf4 {[%emt 0:04:39]} Qb7 {[%emt 0:02:29]} 33. Rb2 {[%emt 0:00:32]} Qc6 {[%emt 0:03:00]} 34. Qb8+ {[%emt 0:00:20]} Kd7 {[%emt 0:00:13]} 35. Rb7+ {[%emt 0:00:06]} 1-0

[Event "Int SVK-ch Open 2020"]
[Site "Drienica"]
[Date "2020.08.11"]
[Round "5.6"]
[White "Banoci, Jaroslav"]
[Black "Steiniger, Florian"]
[Result "1/2-1/2"]
[WhiteElo "1831"]
[BlackElo "1951"]
[Annotator "TA"]
[PlyCount "117"]
[EventDate "2020.08.07"]
[EventType "swiss"]
[EventCountry "SVK"]
[SourceTitle "playchess.com"]
[Source "ChessBase"]
[SourceQuality "1"]

{[%evp 18,117,0,-4,22,8,12,0,0,0,0,0,1,0,109,112,170,175,186,183,174,181,177,182,191,165,166,169,188,125,138,120,193,181,341,166,161,0,114,103,94,58,108,61,71,81,177,71,66,66,66,66,66,69,74,70,117,44,40,44,54,74,422,379,830,767,775,645,728,808,785,761,727,627,595,581,989,472,1183,1122,1965,2041,1639,1598,1202,1005,1124,1117,1116,1116,1081,951,29965,29968,29968,29969,29981,29977,29977,29978,29978,29979]} 1. d4 Nf6 2. Nf3 d5 3. e3 e6 4. Bd3 Be7 5. Nbd2 c5 6. b3 O-O 7. Bb2 b6 8. Ne5 Bb7 9. O-O Nbd7 10. f4 Rc8 {D05: Colle System with ...e6.} 11. Qf3 Qc7 {[#]} 12. c3 $146 ({Predecessor:} 12. Qh3 Ne4 13. Nxe4 dxe4 14. Bc4 Nf6 15. Rf2 Bd5 16. g4 Bxc4 17. Nxc4 b5 18. Ne5 {0-1 (53) Toktomushev,T (1977)-Klaska,P (1441) Bratislava 2019}) 12... c4 {The position is equal.} 13. Bc2 b5 14. Rac1 Qa5 15. Bb1 b4 (15... h6 $11) 16. bxc4 $16 bxc3 (16... Nxe5 $16 17. fxe5 Ne4) 17. Bxc3 $18 Bb4 18. Nb3 (18. Nxd7 $6 Nxd7 19. Nb3 Qa4 $16) 18... Qa4 19. Bxb4 Qxb4 20. c5 {Strongly threatening c6.} Ba6 21. Rfd1 Nxe5 22. fxe5 Nd7 23. Bd3 ({Don't do} 23. c6 $6 Nb6 $14) ({White should play} 23. Bc2 $18) 23... Bxd3 $16 24. Rxd3 a5 (24... f6 $16 {was necessary.}) 25. Qd1 f6 $2 (25... Qb5 26. Qc2 f6) 26. exf6 (26. c6 $142 Nb6 27. Nc5) 26... Nxf6 $18 27. Qd2 $2 ({Better is} 27. Nd2 $18 {And now Rb1 would win.} Qb7 28. Rdc3) 27... Ne4 (27... Qb8 $11) 28. Qxb4 $16 axb4 29. Rf1 Rxf1+ 30. Kxf1 $14 {[%mdl 4096] Endgame KRN-KRN} Rf8+ 31. Ke1 Rf2 {[#]} (31... Kf7 $16) 32. Nd2 (32. Rd2 $1 $18 {[%cal Rd2f2][%mdl 512] and the rest is easy.} Rxd2 (32... Nxd2 33. Kxf2) 33. Nxd2) 32... Rxg2 $16 33. Nxe4 dxe4 {KR-KR} 34. Rd2 Rg1+ 35. Kf2 Rc1 36. Kg3 {Black must now prevent Kf4.} g5 {[#]} 37. Rb2 (37. h4 $1 $16) 37... Rc4 $1 $14 38. Kg4 h6 $1 39. h4 gxh4 $2 {[%mdl 8192] [#] Now Black is done in.} (39... e5 $16 {is more resistant.}) 40. Kf4 $1 $18 h3 $2 (40... Kf7 41. Rh2 (41. Kxe4 Kf6 $16) 41... Rc3 42. Rxh4 Kg6) 41. Kxe4 Kf7 42. Ke5 Ke7 43. Rh2 Rc3 44. Rxh3 Ra3 45. Ke4 Rxa2 46. Rxh6 Kd7 47. Ke5 (47. Rh7+ $142 Kc6 48. Re7) 47... Ra3 (47... Rg2 $142 48. Rh7+ (48. Rxe6 $2 Rg5+ 49. Ke4 Kxe6 $19) 48... Kc6) 48. e4 Rg3 49. Rh7+ Kc6 50. Kxe6 b3 51. Rh2 Kb5 52. Kd5 Rg8 53. Rb2 Rd8+ 54. Ke5 Kc4 55. c6 {[%cal Bc5c6,Bc6c7][%mdl 32] White mates.} Re8+ 56. Kd6 Kxd4 57. Kd7 Rh8 58. c7 Rh7+ 59. Kc6 {[%mdl 32768] Accuracy: White = 71%, Black = 46%. . An unexpected result.} 1/2-1/2

[Event "Int SVK-ch Open 2020"]
[Site "Drienica"]
[Date "2020.08.13"]
[Round "5.7"]
[White "Brhel Jan"]
[Black "Kolesar Milan"]
[Result "1/2-1/2"]
[WhiteElo "2042"]
[BlackElo "2186"]
[Annotator "TA"]
[PlyCount "77"]
[EventDate "2020.08.07"]
[EventType "swiss"]
[EventCountry "SVK"]

{[%evp 13,77,9,0,16,15,-18,0,0,0,7,7,-74,-43,-28,-20,-21,-2,-29,33,-20,-11,-39,-33,-27,7,-7,0,-59,-60,-56,-57,-64,-53,-65,-88,-106,-77,-106,-92,-148,-125,-411,-411,-404,-396,-349,106,58,35,84,200,221,213,117,123,84,302,0,0,0,0,0,189,11,162,54]} 1. d4 d5 2. c4 c6 3. Nf3 Nf6 4. Nc3 dxc4 5. a4 Bf5 6. Nh4 Bg4 7. h3 Bh5 8. g4 {D17: Slav Defence: 5 a4 Bf5: Lines with 6 Nh4 and 6 Ne5.} Bg6 $1 9. Bg2 e6 10. Nxg6 {The position is equal.} hxg6 11. e3 Na6 {[#]} 12. Bf1 $146 (12. O-O $11 {keeps the balance.}) ({Predecessor:} 12. O-O Nb4 13. Bd2 Bd6 14. Qe2 e5 15. Qxc4 exd4 16. Ne2 a5 17. Nxd4 Nxg4 18. Bxb4 {0-1 (47) Hracek,Z (2624)-Bindrich,F (2548) Germany 2011}) 12... Bb4 (12... Nb4 $5 {[%cal Rf6g4]} 13. f3 c5 14. Bxc4 Bd6 $17) 13. Bxc4 Nc7 14. Bd2 a5 15. Qf3 Ncd5 ({Better is} 15... g5 $11) 16. Rc1 (16. g5 $14 Nd7 17. h4) 16... Qe7 17. Qe2 Rd8 18. g5 Nh5 (18... Bxc3 $5 19. bxc3 Ne4 $11) 19. h4 O-O 20. Rg1 (20. Rd1 $11) 20... e5 $15 21. Bxd5 cxd5 22. Nb5 Rc8 {Strongly threatening ...Rxc1+.} 23. Rxc8 Rxc8 24. Bc3 exd4 25. exd4 Qd7 26. Kd1 (26. Qg4 $142 Qc6 27. Kd2) 26... Qf5 {And now ...Qb1+ would win.} 27. Kd2 $2 {[%mdl 8192]} (27. Kc1 $17) 27... Nf4 $19 28. Qf3 Re8 $1 {[%cal Re8e2] ...Re2+ is the strong threat.} 29. Rc1 {White wants to play Bxb4.} Qe6 $2 (29... Re2+ $19 30. Kd1 Bxc3 31. bxc3 Ra2) 30. Qe3 {Black must now prevent Bxb4.} Ng2 31. Qxe6 Rxe6 (31... Bxc3+ $16 {was worth a try.} 32. bxc3 (32. Rxc3 fxe6 33. Ke2 Nxh4 $11) 32... fxe6) 32. Bxb4 $18 axb4 $14 {[%mdl 4096] Endgame KRN-KRN} 33. Rc5 (33. Rc8+ $18 Kh7 34. Rc7) 33... Nf4 $16 34. Kd1 Re2 $2 (34... f5 $16) 35. Rxd5 $2 ({White should try} 35. Nd6 $18 {Intending Rc8+ and mate.} Re7 36. Rb5) 35... Rxb2 $11 36. Rd8+ Kh7 {[#]} 37. Nd6 $1 {[%mdl 512]} Ne6 $2 {[#]} (37... Nd3 $1 $11) 38. Rd7 $2 (38. Rb8 $1 $18 Rxf2 39. Rxb7) 38... Rxf2 $2 {[#]} (38... b3 $11) 39. Rxb7 {Accuracy: White = 41%, Black = 59%.} ({White has to play} 39. d5 $1 $18 {[%cal Rd5e6]} Nc5 40. Rxf7 Rxf7 41. Nxf7) 1/2-1/2